Największe Miasta na każdą literę w Lubelskim - Statystyki

Ogólne statystyki
  • Ten quiz został rozwiązany 110 razy
    79 od ostatniego zresetowania
  • Średni wynik to 15 z 21
Statystyki odpowiedzi
Litera Miasto % Poprawnych
L Lublin
97%
Z Zamość
96%
B Biała Podlaska
89%
Ś Świdnik
84%
C Chełm
83%
K Kraśnik
81%
H Hrubieszów
80%
P Puławy
80%
J Janów Lubelski
77%
Ł Łuków
77%
O Opole Lubelskie
74%
A Annopol
71%
R Radzyń Podlaski
70%
F Frampol
69%
T Tomaszów Lubelski
69%
W Włodawa
67%
D Dęblin
57%
N Nałęczów
53%
M Międzyrzec Podlaski
40%
U Urzędów
37%
S Stoczek Łukowski
20%
Nie znaleziono quizów pasujących do podanych kryteriów
Rozkład punktacji
Procent ludzi z każdym wynikiem
Percentyl według liczby udzielonych odpowiedzi
Twoja historia wyników
Nie rozwiązałeś tego quizu od ostatniego zresetowania